Southville International School and Colleges
Your cart is empty.
  • Cart
  • Lists
    Public lists Eva Luna New books Lux_list list_1
    Your lists Log in to create your own lists
  • Log in to your account
  • Your cookies
  • Search history
Southville International School and Colleges
  • Advanced search
  • Recent comments
  • Most popular
  • Libraries

Log in to your account

Log in with GOOGLE


If you do not have an external account, but do have a local account, you can still log in:

  1. Home
  2. MARC view: Churchill Livingstone's dictionary of nursing /
Normal view MARC view ISBD view

Churchill Livingstone's dictionary of nursing / (Record no. 24219)

[ view plain ]
MARC details
000 -LEADER
fixed length control field 00485nam a2200181 a 4500
005 - DATE AND TIME OF LATEST TRANSACTION
control field 20140310183513.0
008 - FIXED-LENGTH DATA ELEMENTS--GENERAL INFORMATION
fixed length control field 101014s19uu xx 00 eng d
020 ## - INTERNATIONAL STANDARD BOOK NUMBER
International Standard Book Number 9780443101762
050 ## - LIBRARY OF CONGRESS CALL NUMBER
Classification number RT 21
Item number .C563 2006
100 ## - MAIN ENTRY--PERSONAL NAME
Personal name Brooker, Chris edited by
245 ## - TITLE STATEMENT
Title Churchill Livingstone's dictionary of nursing /
250 ## - EDITION STATEMENT
Edition statement 19th ed.
260 ## - PUBLICATION, DISTRIBUTION, ETC. (IMPRINT)
Place of publication, distribution, etc Edinburgh :
Name of publisher, distributor, etc Elsevier,
Date of publication, distribution, etc 2006.
300 ## - PHYSICAL DESCRIPTION
Extent 293 p. :
Dimensions 22 cm.
650 ## - SUBJECT ADDED ENTRY--TOPICAL TERM
Topical term or geographic name as entry element Dictionary.
942 ## - ADDED ENTRY ELEMENTS (KOHA)
Koha item type Books
Source of classification or shelving scheme Library of Congress Classification
Holdings
Withdrawn status Lost status Source of classification or shelving scheme Damaged status Home library Current library Shelving location Date acquired Total Checkouts Full call number Barcode Date last seen Copy number Price effective from Koha item type
    Library of Congress Classification   College Library College Library Reference Section 10/14/2010   RT 21 .C563 2006 C11622 05/15/2018 1 11/14/2013 Books

Churchill Livingstone's dictionary of nursing /

APA

Brooker C. e. b., . (2006). Churchill Livingstone's dictionary of nursing. Edinburgh: Elsevier.

Chicago

Brooker Chris edited by, . 2006. Churchill Livingstone's dictionary of nursing. Edinburgh: Elsevier.

Harvard

Brooker C. e. b., . (2006). Churchill Livingstone's dictionary of nursing. Edinburgh: Elsevier.

MLA

Brooker Chris edited by, . Churchill Livingstone's dictionary of nursing. Edinburgh: Elsevier. 2006.

  • Place hold
  • Print
  • Cite
  • Add to your cart (remove)
  • Save record
    BIBTEX Dublin Core MARCXML MARC (non-Unicode/MARC-8) MARC (Unicode/UTF-8) MARC (Unicode/UTF-8, Standard) MODS (XML) RIS
  • More searches
    Search for this title in:
    Other Libraries (WorldCat) Other Databases (Google Scholar) Online Stores (Bookfinder.com) Open Library (openlibrary.org)

Exporting to Dublin Core...

SOUTHVILLE LIBRARY

Southville International School and Colleges Library

1281 Tropical Ave. Cor. Luxembourg St., BF Homes International, Las Pinas City

Tel. No. 8256374 / 252358 Loc. 117/146

Powered by Koha